Visualizzazione normale
Vista MARC
- Thibaut G.
di Personal Name
Records bibliografici associati: 1
001 - CONTROL NUMBER
- control field: 20074
003 - CONTROL NUMBER IDENTIFIER
- control field: IT-RoPau
005 - DATE AND TIME OF LATEST TRANSACTION
- control field: 20140410100836.0
008 - FIXED-LENGTH DATA ELEMENTS
- fixed length control field: 140410|| aca||aabn | a|a d
040 ## - CATALOGING SOURCE
- Original cataloging agency: IT-RoPau
- Transcribing agency: IT-RoPau
100 ## - HEADING--PERSONAL NAME
- Personal name: Thibaut G.
- Relator term: Autore testo/musica
- Miscellaneous information: Codice autore testo/musica SPICS: 26691
- Name of part/section of a work: My Way
670 ## - SOURCE DATA FOUND
- Source citation: Work cat.: (IT-RoPau)102731: AA.VV. 794, Blue Melody